000 00782nas a2200277 4500
001 BR0804520
003 BR-BrBNA
005 20231205111836.0
007 ta
008 230509b bl.|||p| |||| 00| 00por d
040 _aBR-BrBNA
_bpor
_cBiblioteca Nacional de Agricultura
041 _a(Pt)
072 _aQ02
100 1 _aSantos, I.W.
100 1 _aMezzalira, A.
100 1 _aBinsfeld, L.C.
100 1 _aLehnkohl, R.
245 1 _aUtilização do leite desnatado na congelação do sêmen de cão
650 _aSÊMEN
650 _aCÃO
650 _aLEITE DESNATADO
650 _aCONGELAMENTO
773 0 _tARS Veterinária (Brazil)
_xISSN 0102-6380
_g(2004), v. 20(3) p. 361-365
_wBR0804520
909 _a202311
_bLúcia
_c55
_dLúcia Elande
942 _2AGRIS
_n0
_cANA
999 _c194756
_d194756